| 000 | 00440nam a2200157Ia 4500 | ||
|---|---|---|---|
| 008 | 210716s2008 xx 000 0 und d | ||
| 020 | _a9780073101422 | ||
| 041 | _aeng | ||
| 082 | _a658.575 ULRK | ||
| 100 | _aUlrich, Karl T;Eppinger, Steven D. | ||
| 245 | _aProduct design and development. | ||
| 250 | _a4 | ||
| 260 |
_aNew Delhi _bTata McGraw Hill Publishing Company Ltd _c2008 |
||
| 300 | _axv,368 | ||
| 650 | _aProduction Management | ||
| 999 |
_c205230 _d205230 |
||